| 000 | 01063nam2a22002531 4500 | ||
|---|---|---|---|
| 001 | RU\NLR\INFOCOMM16\1000039477 | ||
| 005 | 20250617042609.0 | ||
| 035 | _a(NLR Aleph) 002446448 | ||
| 090 |
_a2123129 _c2123129 |
||
| 100 | _a20040305d1916 |||y0rusy50 ca | ||
| 101 | 0 | _arus | |
| 102 | _aRU | ||
| 105 | _ay ||||||||| | ||
| 200 | 1 |
_aПчеловодство Зарайского уезда Рязанской губернии, по обследованию 1914 г. и др. данным _fЯрцев, А.Н. |
|
| 210 |
_d1916 _aБ. м. |
||
| 461 | 0 |
_1001RU\NLR\INFOCOMM16\1000039471 _12001#$aТруды Зарайского общества пчеловодства$vВып.6 _92123112 _aЗарайское общество пчеловодства _cЗарайск _d1913-1916 _tТруды Зарайского общества пчеловодства _vВып.6 |
|
| 700 | 1 |
_aЯрцев _bА.Н. _4070 |
|
| 801 | 1 |
_aRU _bInfoComm _c20040305 |
|
| 801 | 0 |
_aRU _bNLR _gPSBO |
|
| 852 |
_aNLR _j37.б.272 |
||
| 942 | _cISSUE | ||
| 980 | _aNB | ||
| 980 | _aRUSPER | ||